Case news: "Shirayama Shokosan v Danovo" (Record no. 76200)
[ view plain ]
| 000 -LEADER | |
|---|---|
| fixed length control field | 01261cab a2200193 4500 |
| 001 - CONTROL NUMBER | |
| control field | ##L131624 |
| 008 - FIXED-LENGTH DATA ELEMENTS--GENERAL INFORMATION | |
| fixed length control field | 051121n2005 000 0 eng u |
| 035 ## - SYSTEM CONTROL NUMBER | |
| System control number | (Sirsi) u131624 |
| 041 0# - LANGUAGE CODE | |
| Language code of text/sound track or separate title | eng |
| 100 1# - MAIN ENTRY--PERSONAL NAME | |
| Personal name | Ross, Jonathan |
| 245 00 - TITLE STATEMENT | |
| Title | Case news: "Shirayama Shokosan v Danovo" |
| 260 ## - PUBLICATION, DISTRIBUTION, ETC. | |
| Date of publication, distribution, etc. | 2005 |
| 490 #0 - SERIES STATEMENT | |
| Series statement | Property Week |
| Volume/sequential designation | 70(45) 11 November 2005, 74(1) |
| 520 ## - SUMMARY, ETC. | |
| Summary, etc. | In this case (ChD, unreported), a tenant habitually broke the terms of his lease and was eventually evicted following a court ruling. The gallery owner used space he was not renting without consulting the landlord; and sold concessionary tickets, which affected the profit-based rent. Previous breaches which resulted in other litigation had already put a great strain on the landlord-tenant relationship. This case highlights the fact that court has sole discretionary power to decided whether or not a tenant maintains their lease, based on their conduct; even if the tenant agrees to take steps to remedy the situation. |
| 590 ## - LOCAL NOTE (RLIN) | |
| Local note | IKA221105 |
| 650 24 - SUBJECT ADDED ENTRY--TOPICAL TERM | |
| Topical term or geographic name entry element | SHRIAYAMA SHOKOSAN CO LTD AND OTHERS V DANOVO LTD |
| 690 ## - LOCAL SUBJECT ADDED ENTRY--TOPICAL TERM (OCLC, RLIN) | |
| Topical term or geographic name as entry element | PROPERTY-COMMERCIAL PROPERTY-LEASEHOLD COMMERCIAL PROPERTY-COMMERCIAL LANDLORD AND TENANT-BUSINESS TENANCIES-FORFEITURE OF BUSINESS TENANCIES |
| 942 ## - ADDED ENTRY ELEMENTS (KOHA) | |
| Suppress in OPAC | 0 |
| Withdrawn status | Lost status | Source of classification or shelving scheme | Damaged status | Not for loan | Home library | Current library | Shelving location | Date acquired | Total Checkouts | Barcode | Date last seen | Copy number | Price effective from | Koha item type |
|---|---|---|---|---|---|---|---|---|---|---|---|---|---|---|
| Dewey Decimal Classification | London | London | Journal article | 21/11/2005 | L131624 | 06/08/2019 | 1 | 06/08/2019 | Journal article |